[Event "Santiago CALF op"]
[Site "Santiago de Chile"]
[Date "2004.05.29"]
[Round "6"]
[White "Gutierrez, Rodrigo"]
[Black "Valencia, Marco"]
[Result "1-0"]
[WhiteElo "2020"]
[BlackElo "1734"]
[PlyCount "67"]
[EventDate "2004.06.21"]
[EventType "swiss"]
[EventRounds "9"]
[EventCountry "CHI"]
[SourceTitle "EXT 2005"]
[Source "ChessBase"]
[SourceDate "2004.11.15"]
[SourceVersion "1"]
[SourceVersionDate "2004.11.15"]
[SourceQuality "1"]

1. d4 d5 2. c4 c6 3. e3 e6 4. Nf3 Nf6 5. Nc3 Nbd7 6. Bd3 dxc4 7. Bxc4 b5 8. Bd3 Bb7 9. 0-0 a6 10. Qe2 c5 11. dxc5 Bxc5 12. Rd1 0-0 13. a3 Qc7 14. h3 Rac8 15. e4 h6 16. Be3 Rfd8 17. Rac1 Qb8 18. b4 Bxe3 19. Qxe3 Ne5 20. Nxe5 Qxe5 21. f4 Qd4 22. Qxd4 Rxd4 23. e5 Ne4 24. Bxe4 Rxd1+ 25. Rxd1 Bxe4 26. Nxe4 Rc4 27. Rd8+ Kh7 28. Nd6 Rxf4 29. Ra8 f6 30. Rxa6 fxe5 31. Nxb5 Rf6 32. Nc3 h5 33. b5 Kg6 34. b6 1-0

[Event "Santiago CALF op"]
[Site "Santiago de Chile"]
[Date "2004.05.01"]
[Round "2"]
[White "Alvarado, Sebastian"]
[Black "Valencia, Marco"]
[Result "0-1"]
[WhiteElo "1713"]
[BlackElo "1734"]
[PlyCount "84"]
[EventDate "2004.06.21"]
[EventType "swiss"]
[EventRounds "9"]
[EventCountry "CHI"]
[SourceTitle "EXT 2005"]
[Source "ChessBase"]
[SourceDate "2004.11.15"]
[SourceVersion "1"]
[SourceVersionDate "2004.11.15"]
[SourceQuality "1"]

1. d4 d5 2. c4 c6 3. cxd5 cxd5 4. Nc3 Nf6 5. Bg5 e6 6. e3 a6 7. Bd3 Nc6 8. a3 h6 9. Bh4 Be7 10. Nf3 0-0 11. 0-0 b5 12. Qc2 Bb7 13. Rac1 Rc8 14. Qe2 Re8 15. Rfd1 Na5 16. b4 Nc4 17. Bxc4 dxc4 18. e4 Nh5 19. Bxe7 Qxe7 20. Qe3 Qc7 21. e5 g5 22. h4 g4 23. Nh2 Qc6 24. f3 gxf3 25. gxf3 Kg7 26. Kf2 Rh8 27. Rg1+ Kf8 28. Ng4 Rd8 29. Ne4 Qd7 30. Nd6 f5 31. Nh2 Qe7 32. Rg2 Qxh4+ 33. Ke2 Nf4+ 34. Kf1 Nxg2 35. Kxg2 Rg8+ 36. Kh1 Bd5 37. Rg1 Rxg1+ 38. Kxg1 Ke7 39. Qf2 Rg8+ 40. Kf1 Qxf2+ 41. Kxf2 c3 42. Nf1 c2 0-1